Zur Enthauptung des Johannes Sylvanus in Heidelberg am 23. Dezember 1572: ein Beitrag zur Reformation in der Kurpfalz unter besonderer Berücksichtigung der Kirchenzucht
| Main Author: | |
|---|---|
| Format: | Electronic Article |
| Language: | German |
| Check availability: | HBZ Gateway |
| Interlibrary Loan: | Interlibrary Loan for the Fachinformationsdienste (Specialized Information Services in Germany) |
| Published: |
2011
|
| In: |
Jahrbuch für badische Kirchen- und Religionsgeschichte
Year: 2011, Volume: 5, Pages: 11-23 |
| Standardized Subjects / Keyword chains: | B
Sylvanus, Johannes -1572
/ Kurpfalz
/ Reformation
/ Church discipline
/ Church history studies
/ Decapitation <motif>
|
| Further subjects: | B
Church history studies
B Modern age 1500-1600 |
| Online Access: |
Volltext (Resolving-System) Volltext (Resolving-System) |
| Rights Information: | CC BY 4.0 |
| Parallel Edition: | Non-electronic
|
MARC
| LEADER | 00000caa a22000002c 4500 | ||
|---|---|---|---|
| 001 | 1870750993 | ||
| 003 | DE-627 | ||
| 005 | 20250205173035.0 | ||
| 007 | cr uuu---uuuuu | ||
| 008 | 231121s2011 xx |||||o 00| ||ger c | ||
| 024 | 7 | |a urn:nbn:de:bsz:31-opus-210912 |2 urn | |
| 024 | 7 | |a 10.57962/regionalia-21091 |2 doi | |
| 035 | |a (DE-627)1870750993 | ||
| 035 | |a (DE-599)KXP1870750993 | ||
| 040 | |a DE-627 |b ger |c DE-627 |e rda | ||
| 041 | |a ger | ||
| 082 | 0 | 4 | |a 230 |
| 082 | 0 | 4 | |a 262 |
| 082 | 0 | 4 | |a 270 |
| 082 | 0 | 4 | |a 920 |
| 084 | |a 1 |2 ssgn | ||
| 084 | |a 07 |2 bwlb | ||
| 084 | |a 712 |2 bwlb | ||
| 100 | 1 | |e VerfasserIn |0 (DE-588)114129897X |0 (DE-627)1000056260 |0 (DE-576)421011785 |4 aut |a Weimer, Tobias |d 1981- | |
| 109 | |a Weimer, Tobias 1981- | ||
| 245 | 1 | 0 | |a Zur Enthauptung des Johannes Sylvanus in Heidelberg am 23. Dezember 1572 |b ein Beitrag zur Reformation in der Kurpfalz unter besonderer Berücksichtigung der Kirchenzucht |c Tobias Weimer |
| 264 | 1 | |c 2011 | |
| 336 | |a Text |b txt |2 rdacontent | ||
| 337 | |a Computermedien |b c |2 rdamedia | ||
| 338 | |a Online-Ressource |b cr |2 rdacarrier | ||
| 506 | 0 | |a Open Access |e Controlled Vocabulary for Access Rights |q DE-31 |u http://purl.org/coar/access_right/c_abf2 | |
| 540 | |q DE-31 |a Namensnennung 4.0 International |f CC BY 4.0 |2 cc |u http://creativecommons.org/licenses/by/4.0/ | ||
| 601 | |a Heidelberg | ||
| 601 | |a Beitrag | ||
| 601 | |a Berücksichtigung | ||
| 648 | 4 | |a Neuzeit 1500-1600 |0 (DE-631)35936 | |
| 650 | 4 | |a Kirchengeschichte |0 (DE-631)9884 | |
| 689 | 0 | 0 | |d p |0 (DE-588)130679682 |0 (DE-627)505311038 |0 (DE-576)298340100 |2 gnd |a Sylvanus, Johannes |d -1572 |
| 689 | 0 | 1 | |d g |0 (DE-588)25943-3 |0 (DE-627)100671160 |0 (DE-576)190295201 |2 gnd |a Kurpfalz |
| 689 | 0 | 2 | |d s |0 (DE-588)4048946-2 |0 (DE-627)104364165 |0 (DE-576)209079851 |2 gnd |a Reformation |
| 689 | 0 | 3 | |d s |0 (DE-588)4163941-8 |0 (DE-627)105451134 |0 (DE-576)209884908 |2 gnd |a Kirchenzucht |
| 689 | 0 | 4 | |d s |0 (DE-588)4030720-7 |0 (DE-627)104814403 |0 (DE-576)208988815 |2 gnd |a Kirchengeschichte |
| 689 | 0 | 5 | |d s |0 (DE-588)4369008-7 |0 (DE-627)182936589 |0 (DE-576)211709395 |2 gnd |a Enthauptung |
| 689 | 0 | |5 (DE-627) | |
| 773 | 0 | 8 | |i Enthalten in |t Jahrbuch für badische Kirchen- und Religionsgeschichte |d Stuttgart : Kohlhammer, 2007 |g 5(2011), Seite 11-23 |h Online-Ressource |w (DE-627)185080057X |w (DE-600)3160766-4 |7 nnas |
| 773 | 1 | 8 | |g volume:5 |g year:2011 |g pages:11-23 |
| 776 | 0 | 8 | |i Erscheint auch als |n Druck-Ausgabe |a Weimer, Tobias, 1981 - |t Zur Enthauptung des Johannes Sylvanus in Heidelberg am 23. Dezemberg 1572 |d 2011 |w (DE-627)1646015495 |w (DE-576)466815700 |k Non-Electronic |
| 856 | 4 | 0 | |u https://nbn-resolving.de/urn:nbn:de:bsz:31-opus-210912 |q application/pdf |x Resolving-System |7 1 |
| 856 | 4 | 0 | |u http://dx.doi.org/10.57962/regionalia-21091 |x Resolving-System |7 1 |
| 935 | |a BWLB | ||
| 951 | |a AR | ||
| ELC | |a 1 | ||
| ORI | |a SA-MARC-ixtheo_oa001.raw | ||
| REL | |a 1 | ||
| STA | 0 | 0 | |a Church discipline,Discipline,Congregational discipline,Church history studies,Church,Church history,Church history,Decapitation <motif>,Beheading,Decapitation,Beheading (motif),Beheading,Reformation,Reformation,Reformation in art |
| STB | 0 | 0 | |a Discipline ecclésiastique,Décapitation,Décapitation,Histoire de l’Église,Histoire de l’Église,Histoire du christianisme (discipline),Histoire du christianisme,Réforme protestante,Réforme protestante |
| STC | 0 | 0 | |a Decapitación,Decapitación,Disciplina eclesiástica,Historia eclesiástica,Historia eclesiástica,Historia eclesiástica,Reforma,Reforma |
| STD | 0 | 0 | |a Decapitazione,Decapitazione,Disciplina ecclesiastica,Riforma protestante,Riforma protestante,Storia della Chiesa,Storia della Chiesa |
| STE | 0 | 0 | |a 宗教改革,宗教改革,教会历史研究,教会,教会纪律,斩首,杀头 |
| STF | 0 | 0 | |a 宗教改革,宗教改革,教會歷史研究,教會,教會紀律,斬首,殺頭 |
| STG | 0 | 0 | |a Decapitação,Decapitação,Disciplina eclesiástica,História eclesiástica,História eclesiástica,Reforma,Reforma |
| STH | 0 | 0 | |a История церкви (дисциплина),История церкви,Обезглавливание (мотив),Обезглавливание,Реформация (мотив),Реформация,Церковная дисциплина |
| STI | 0 | 0 | |a Αποκεφαλισμός (μοτίβο),Αποκεφαλισμός,Εκκλησιαστική Ιστορία (μάθημα),Εκκλησιαστική Ιστορία,Εκκλησιαστική πειθαρχία,Προτεσταντική μεταρρύθμιση (μοτίβο),Προτεσταντική μεταρρύθμιση |
| SUB | |a REL | ||
| SYE | 0 | 0 | |a Kirche |
| SYG | 0 | 0 | |a Syluanus, Johannes,-1572,Syluanus, Joannes,-1572,Sylvan, Johannes,-1572,Sylvan, Johann,-1572,Silvanus, Johannes,-1572,Silvanus, Johann,-1572,Silvan, Johannes,-1572,Sylvanus, Johannes,aus dem Etschland,-1572,Sylvanus, Johannes,Athesinus,-1572,Silvanus, Johannes,Athesinus,-1572,Sylvanus, Johann,-1572,Silvan, Johann,-1572 , Pfaltz,Pfalz,Kurfürstentum Pfalz,Churpfaltz,Churfürstliche Pfaltz,Pfalzgrafschaft bei Rhein,Kurfürstliche Pfalzgrafschaft,Kurfürstlich rheinische Pfalzgrafschaft , Réforme (histoire religieuse),Reformation , Kirchendisziplin , Kirche |
| TIM | |a 000000000000_100018011231 |b - 1801 | ||



